Normal view
MARC view
Entry Topical Term
001 - CONTROL NUMBER
- control field: 721865
003 - CONTROL NUMBER IDENTIFIER
- control field: OSt
005 - DATE AND TIME OF LATEST TRANSACTION
- control field: 20221007125358.0
008 - FIXED-LENGTH DATA ELEMENTS
- fixed length control field: 221007|| aca||aabn | a|a d
040 ## - CATALOGING SOURCE
- Original cataloging agency: OSt
- Transcribing agency: OSt
150 ## - HEADING--TOPICAL TERM
- Topical term or geographic name entry element: Medicinal chemsitry
670 ## - SOURCE DATA FOUND
- Source citation: Work cat.: (OSt)1215171: Williams David A, Foye's principles of medicinal chemistry by David A Williams and Thomas L Lemke, 2002
